|
|
|
|
| LEADER |
00000ny a22000003n 4500 |
| 005 |
20110621103318.0 |
| 008 |
090519s2009 sp 100 0 spa d |
| 020 |
|
|
|a 9788498493856
|
| 035 |
|
|
|a 4794
|
| 040 |
|
|
|a NoBUC-UNAV
|d vLex
|
| 080 |
|
|
|a 347.62(063)
|
| 080 |
|
|
|a 348(063)
|
| 090 |
|
|
|c 904
|d 904
|
| 110 |
2 |
|
|a Jornadas de la Asociacin̤ Espaǫla de Canonistas
|n (28.
|d 2008.
|c Madrid)
|
| 245 |
1 |
0 |
|a Instituciones bs̀icas, interacciones y zonas conflictivas de derecho cann̤ico y derecho eclesis̀tico
|h [Recurso electrn̤ico]
|b (actas de las XXVIII Jornadas de actualidad cann̤ica organizadas por la Asociacin̤ Espaǫla de Canonistas en Madrid, 26-28 de marzo de 2008) /
|c Rafael Rodrg̕uez Chacn̤, Cristina Guzmǹ Přez (coordinadores)
|
| 256 |
|
|
|a Servicio en ln̕ea
|
| 260 |
|
|
|a Madrid :
|b Dykinson,
|c 2009
|
| 300 |
|
|
|a 511 p. ;
|c 24 cm
|
| 506 |
1 |
|
|a Contenido solo disponible en los productos indicados
|d vLex Global
|d vLex Global (Academic Edition, excluding Law Schools)
|d vLex Global (U.S. Academic Edition, Law Schools)
|d vLex Global (U.S. Academic Edition, excluding Law Schools)
|d vLex Global (Academic Edition, Law Schools)
|
| 650 |
0 |
4 |
|a Derecho cann̤ico
|x Congresos
|
| 650 |
0 |
4 |
|a Derecho eclesis̀tico
|x Congresos
|
| 700 |
1 |
|
|a Guzmǹ Přez, Cristina,
|e coord.
|
| 700 |
1 |
|
|a Rodrg̕uez Chacn̤, Rafael,
|e coord.
|
| 740 |
0 |
|
|a vLex Libros (Servicios en ln̕ea)
|
| 856 |
4 |
0 |
|u http://vlex.com/source/4794
|z Acceso restringido
|
| 942 |
|
|
|c BOOK
|
| 999 |
0 |
|
|a Canon law
|b Madrid
|